000 00647nam a22002057a 4500
003 OSt
005 20131029151213.0
008 131025b2010 mex spa
020 _a978-607-7743-16-3
040 _cBMC
082 _a611.370
082 _a611.0208
100 1 _97959
_aDelgado Reyes, Luis‏
245 1 0 _aPrácticas de anatomía humana
_b: enseñanza y aprendizaje audiovisual
_cLuis Delgado Reyes
260 _aMéxico, D.F.
_bEditorial Médica Panamericana
_c2010
300 _a64 p.
_bil.
_c23 cm
650 2 4 _97938
_aAnatomía humana
_xEnseñanza
650 2 4 _97939
_aAnatomía humana
_xMétodos audiovisuales
942 _2ddc
_cBK
999 _c3465
_d3465